<?xml version="1.0" encoding="UTF-8"?><?xml-stylesheet type="text/xsl" href="static/style.xsl"?><OAI-PMH xmlns="http://www.openarchives.org/OAI/2.0/" xmlns:xsi="http://www.w3.org/2001/XMLSchema-instance" xsi:schemaLocation="http://www.openarchives.org/OAI/2.0/ http://www.openarchives.org/OAI/2.0/OAI-PMH.xsd"><responseDate>2026-06-05T14:29:06Z</responseDate><request verb="GetRecord" identifier="oai:riuma.uma.es:10630/31109" metadataPrefix="marc">https://riuma.uma.es/rest/oai/request</request><GetRecord><record><header><identifier>oai:riuma.uma.es:10630/31109</identifier><datestamp>2026-02-03T11:31:07Z</datestamp><setSpec>com_10630_2254</setSpec><setSpec>col_10630_37953</setSpec></header><metadata><record xmlns="http://www.loc.gov/MARC21/slim" xmlns:dcterms="http://purl.org/dc/terms/" xmlns:doc="http://www.lyncode.com/xoai" xmlns:xsi="http://www.w3.org/2001/XMLSchema-instance" xsi:schemaLocation="http://www.loc.gov/MARC21/slim http://www.loc.gov/standards/marcxml/schema/MARC21slim.xsd">
   <leader>00925njm 22002777a 4500</leader>
   <datafield ind2=" " ind1=" " tag="042">
      <subfield code="a">dc</subfield>
   </datafield>
   <datafield ind2=" " ind1=" " tag="720">
      <subfield code="a">Boned-Purkiss, Francisco Javier</subfield>
      <subfield code="e">author</subfield>
   </datafield>
   <datafield ind2=" " ind1=" " tag="720">
      <subfield code="a">García-Moreno, Alberto Enrique</subfield>
      <subfield code="e">author</subfield>
   </datafield>
   <datafield ind2=" " ind1=" " tag="720">
      <subfield code="a">Márquez-Ballesteros, María José</subfield>
      <subfield code="e">author</subfield>
   </datafield>
   <datafield ind2=" " ind1=" " tag="260">
      <subfield code="c">2022-07-03</subfield>
   </datafield>
   <datafield ind2=" " ind1=" " tag="520">
      <subfield code="a">Análogamente a lo realizado con la cultura visual, el cine ha utilizado el sonido indiscreto como argumento en muchas películas importantes, recalcando la importancia de la escucha de mensajes sonoros cuya interpretación resultaría definitiva para el desarrollo de la acción. Se ha profundizado en las limitaciones y en los principios físicos y psicológicos que sustentan la escucha, en cuanto habilidad del ser humano para captar información y filtrar esta como relevante, y en cómo esta escucha ha influido en diferentes argumentos cinematográficos. El medio arquitectónico y urbano donde se produce el sonido indiscreto, junto con la tecnología empleada, muestra una clara relación con el desarrollo de la acción y condiciona la aparición de la argumentación cinematográfica. Se han conformado cuatro tipos de escucha como posibles estructuras narrativas donde se manifiesta el sonido indiscreto: la escucha detectivesca, la escucha política, la escucha psicoanalítica y la escucha privilegiada.</subfield>
   </datafield>
   <datafield ind1="8" ind2=" " tag="024">
      <subfield code="a">Boned Purkiss, Javier; García-Moreno, Alberto E.; Márquez-Ballesteros, María José (2022). Ciudad y arquitectura la escucha: el sonido indiscreto como argumento cinematográfico. SOBRE. Prácticas artísticas y políticas de la edición, 8, 22-30.</subfield>
   </datafield>
   <datafield ind1="8" ind2=" " tag="024">
      <subfield code="a">2387-1733</subfield>
   </datafield>
   <datafield ind1="8" ind2=" " tag="024">
      <subfield code="a">https://hdl.handle.net/10630/31109</subfield>
   </datafield>
   <datafield ind1="8" ind2=" " tag="024">
      <subfield code="a">10.30827/sobre.v8i.23679</subfield>
   </datafield>
   <datafield tag="653" ind2=" " ind1=" ">
      <subfield code="a">Sonido - Aspectos psicológicos</subfield>
   </datafield>
   <datafield tag="653" ind2=" " ind1=" ">
      <subfield code="a">Ruido urbano</subfield>
   </datafield>
   <datafield tag="653" ind2=" " ind1=" ">
      <subfield code="a">Cine</subfield>
   </datafield>
   <datafield ind2="0" ind1="0" tag="245">
      <subfield code="a">Ciudad y arquitectura la escucha: el sonido indiscreto como argumento cinematográfico.</subfield>
   </datafield>
</record>
</metadata></record></GetRecord></OAI-PMH>